LEADER 00841nam a2200205 i 4500 001 000000189689 003 CaOOAMICUS 005 20100514000000.0 008 100514s1938 it u000 u ita u 013 $a167965 040 $aSeMil$bita 100 1 $aDe Sanctis Rosmini, Emilia.$0(OLS)http://semarc/name/54892 245 13$aLa beata Francesca Saverio Cabrini /$cEmilia De Sanctis Rosmini. 260 $aRoma :$bIstituto Grafico Tiberino,$c1938. 300 $a389 p. ;$c23 cm. 650 4$aFrancesca Saverio : Cabrini .$0(OLS)http://semarc/subject/10516 850 $aSeMil 852 $aSeMil$W1$xVenegono$y1$m3H III 154$j140320$B140320$CSeMilBibl$Z2$F151939 $81 996 $6245$aLa beata Francesca Saverio Cabrini$9(OLS)http://semarc/title/273124 996 $6260$aRoma :$bIstituto Grafico Tiberino$9(OLS)http://semarc/publisher/30925 LEADER 00875nam a2200193 i 4500 001 000000197468 003 CaOOAMICUS 005 20230123120753.0 008 110214s1982 sz u000 u fre u 040 $aSeMil$bita 245 10$a1: Les prières à plusieurs saints :$bintroduction. 300 $a227 p. 490 0 $aPublications Romanes et Françaises ;$v163. 773 0 $aRézeau, Pierre$tPrières aux saints en français à la fin du moyen âge.$dGenève : Librairie Droz, 1982-1983.$kPublications romanes et françaises$g1$w()24290 830 0$aPublications romanes et françaises ;$v163.$0(OLS)http://semarc/title/32520 850 $aSeMil 852 $aSeMil$W1$xVenegono$y1$m3K III 366$j148027$B148027$CSeMilBibl$Z2$F159468 $81 996 $6245$a1: Les prières à plusieurs saints :$bintroduction$9(OLS)http://semarc/title/285129